LIBRARY ONLINE CATALOGUE

Schaum's outline of theory and problems of essential computer mathematics. / (Record no. 3973)

MARC details
000 -LEADER
fixed length control field 00658cam a22002052 4500
001 - CONTROL NUMBER
control field 0000019555
005 - DATE AND TIME OF LATEST TRANSACTION
control field 20151217145918.0
008 - FIXED-LENGTH DATA ELEMENTS--GENERAL INFORMATION
fixed length control field 110110s xx 000 0 eng d
020 ## - INTERNATIONAL STANDARD BOOK NUMBER
International Standard Book Number 0070379904 :
040 ## - CATALOGING SOURCE
Original cataloging agency KABU
Transcribing agency KABU
050 #0 - LIBRARY OF CONGRESS CALL NUMBER
Classification number QA76.9
Item number .D35L572 1987
100 1# - MAIN ENTRY--PERSONAL NAME
Personal name Lipschutz, Seymour.
-- 0000154949
245 10 - TITLE STATEMENT
Title Schaum's outline of theory and problems of essential computer mathematics. /
Statement of responsibility, etc. Seymour Lipschutz.
260 ## - PUBLICATION, DISTRIBUTION, ETC. (IMPRINT)
Place of publication, distribution, etc. New York :
Name of publisher, distributor, etc. McGraw-Hill,
Date of publication, distribution, etc. 1987.
300 ## - PHYSICAL DESCRIPTION
Extent 357 p.
650 #0 - SUBJECT ADDED ENTRY--TOPICAL TERM
Topical term or geographic name as entry element Computer science
General subdivision Mathematics.
-- 0000154076
852 1# - LOCATION
-- 1080 KES
908 ## - PUT COMMAND PARAMETER (RLIN)
Put command parameter 110110
950 ## - LOCAL HOLDINGS (RLIN)
-- 1
Holdings
Withdrawn status Lost status Source of classification or shelving scheme Not for loan Home library Current library Date acquired Total Checkouts Total Renewals Full call number Barcode Date last seen Date last checked out Price effective from Koha item type
    Library of Congress Classification   Kabarak, Main Campus Kabarak, Main Campus 17/12/2015 13 2 QA76.9 .D35L572 1987 c. 1 22975 29/06/2021 16/06/2021 17/12/2015 General Collection